कृष्णकुमार अर्थात वीर प्रद्युम्न (Record no. 148973)

MARC details
000 -LEADER
fixed length control field 00730nam a2200169Ia 4500
008 - FIXED-LENGTH DATA ELEMENTS--GENERAL INFORMATION
fixed length control field 090124s9999 xx 000 0 und d
082 ## - DEWEY DECIMAL CLASSIFICATION NUMBER
Item number 102881
100 ## - MAIN ENTRY--PERSONAL NAME
Personal name समडो अप्पा भाऊ मगदूत
245 ## - TITLE STATEMENT
Title कृष्णकुमार अर्थात वीर प्रद्युम्न
250 ## - EDITION STATEMENT
Edition statement 0
260 ## - PUBLICATION, DISTRIBUTION, ETC. (IMPRINT)
Date of publication, distribution, etc 1948
600 ## - SUBJECT ADDED ENTRY--PERSONAL NAME
Personal name समडो अप्पा भाऊ मगदूत
630 ## - SUBJECT ADDED ENTRY--UNIFORM TITLE
Uniform title कृष्णकुमार अर्थात वीर प्रद्युम्न
700 ## - ADDED ENTRY--PERSONAL NAME
Personal name समडो अप्पा भाऊ मगदूत
730 ## - ADDED ENTRY--UNIFORM TITLE
Uniform title कृष्णकुमार अर्थात वीर प्रद्युम्न
942 ## - ADDED ENTRY ELEMENTS (KOHA)
Koha item type Book
Holdings
Withdrawn status Lost status Damaged status Not for loan Home library Current library Date acquired Cost, normal purchase price Total Checkouts Full call number Barcode Date last seen Cost, replacement price Price effective from Koha item type
  Missing from bundle     Marathi Granth Sangrahalaya,Thane Marathi Granth Sangrahalaya,Thane   0.50   102881 THNMGS-102881 01/24/2009 0.50 01/24/2009 Book